| 000 | 00610cam a22002052 4500 | ||
|---|---|---|---|
| 001 | 0000001576 | ||
| 005 | 20151217155812.0 | ||
| 008 | 070316s xx 000 0 eng d | ||
| 040 |
_aKABU _cKABU |
||
| 050 | 0 |
_aDT1768 _b.E38C43 |
|
| 100 | 1 |
_aChattopadhyaya, Haraprasad. _@0000150433 |
|
| 245 | 1 | 0 |
_aIndians in Africa : _ba socio-economic study. |
| 260 |
_aCalcutta : _bBookland Private, _c1970. |
||
| 300 | _axiv, 464 p. | ||
| 600 | 1 | 0 |
_aEast Indians _zSouth Africa. _@0000150434 |
| 651 | 0 |
_a. _@0000185744 |
|
| 908 | _a070316 | ||
| 950 | _@1 | ||
| 999 |
_c12618 _d12618 |
||